[Event "Dundee & Angus Open"]
[Site "?"]
[Date "2013.10.12"]
[Round "3"]
[White "Olson, Hanish"]
[Black "Deary, Daniel"]
[Result "1/2-1/2"]
[WhiteElo "2099"]
[BlackElo "2033"]
[PlyCount "68"]
[EventDate "2013.??.??"]

1. d4 Nf6 2. Nf3 g6 3. Nbd2 Bg7 4. e4 d6 5. c3 O-O 6. Qc2 Nbd7 7. Be2 e5 8.
dxe5 dxe5 9. O-O c6 10. Re1 Qc7 11. Bf1 Re8 12. g3 Nc5 13. b4 Ncd7 14. Bb2 c5
15. b5 a6 16. a4 axb5 17. axb5 Rxa1 18. Rxa1 Nb6 19. Nc4 Nxc4 20. Bxc4 b6 21.
Ng5 Rf8 22. Ra8 Bb7 23. Bxf7+ Kh8 24. Rxf8+ Bxf8 25. Bc4 h6 26. Ne6 Qd6 27.
Nxf8 Bxe4 28. Nxg6+ Kg7 29. Qe2 Bxg6 30. Bb3 Bd3 31. Qd2 Ne4 32. Qe3 c4 33. Bd1
Nc5 34. Ba3 Qe7 1/2-1/2

[Event "Dundee & Angus Open"]
[Site "?"]
[Date "2013.10.12"]
[Round "3"]
[White "Romilly, Peter"]
[Black "Petesch, Gabriel"]
[Result "0-1"]
[WhiteElo "2126"]
[BlackElo "2323"]
[PlyCount "90"]
[EventDate "2013.??.??"]

1. e4 d5 2. exd5 Qxd5 3. Nc3 Qd6 4. d4 Nf6 5. Nf3 Bg4 6. h3 Bh5 7. g4 Bg6 8.
Ne5 Nbd7 9. Bf4 Nd5 10. Nxg6 Qxg6 11. Nxd5 Qe4+ 12. Qe2 Qxd5 13. Rg1 Qxd4 14.
Bc1 e6 15. Rg3 Bc5 16. Rb3 Bb6 17. Bg2 c6 18. Be3 Qd6 19. Rd1 Qc7 20. Bg5 Nc5
21. Rf3 Qh2 22. Kf1 Qc7 23. Bf4 Qc8 24. Bd6 Nd7 25. Qd3 Bd8 26. Re3 Nf8 27. f4
Ng6 28. f5 Ne7 29. fxe6 O-O 30. exf7+ Rxf7+ 31. Rf3 Qe6 32. Re1 Rxf3+ 33. Bxf3
Qf7 34. Kg2 Ng6 35. Be4 Bf6 36. Rf1 Qe6 37. Bxg6 hxg6 38. Qb3 Qxb3 39. axb3 Rd8
40. Bf4 Bxb2 41. Re1 Kf7 42. Kf3 a5 43. Re4 Bc3 44. Rc4 Bb4 45. c3 Rd3+ 0-1

[Event "Dundee & Angus Open"]
[Site "?"]
[Date "2013.10.12"]
[Round "3"]
[White "Bamber, Elaine"]
[Black "Gillespie, David P"]
[Result "1-0"]
[WhiteElo "2064"]
[BlackElo "1888"]
[PlyCount "53"]
[EventDate "2013.??.??"]

1. e4 c5 2. Nc3 Nc6 3. f4 g6 4. Nf3 Bg7 5. Bb5 Nd4 6. O-O Nxb5 7. Nxb5 d5 8. e5
a6 9. Nc3 e6 10. d4 cxd4 11. Qxd4 Ne7 12. Rd1 O-O 13. Qf2 b5 14. Ne4 Bd7 15.
Nf6+ Kh8 16. g4 Ng8 17. g5 Ne7 18. Nd4 h5 19. Rd3 Rc8 20. Rh3 Bxf6 21. gxf6 Nf5
22. Nxf5 exf5 23. Qf3 Rxc2 24. Rxh5+ Kg8 25. Qh3 gxh5 26. Qg3+ Kh8 27. Qg7# 1-0


 Nxg6+ Kg7 29. Qe2 Bxg6 30. Bb3 Bd3 31. Qd2 Ne4 32. Qe3 c4 33. Bd1
Nc5 34. Ba3 Qe7 1/2-1/2

[Event "Dundee & Angus Open"]
[Site "?"]
[Date "2013.10.12"]
[Round "3"]
[White "Durno, Joy"]
[Black "Sykes, Chris"]
[Result "0-1"]
[WhiteElo "1734"]
[BlackElo "1934"]
[PlyCount "45"]
[EventDate "2013.??.??"]

1. d4 f5 2. Nf3 e6 3. g3 Nf6 4. Bg2 d5 5. O-O Bd6 6. c4 c6 7. Nc3 O-O 8. Qc2
Nbd7 9. Bg5 Qe8 10. c5 Bc7 11. Bf4 e5 12. dxe5 Nxe5 13. Nxe5 Bxe5 14. Bxe5 Qxe5
15. e3 Be6 16. Ne2 Bf7 17. Rfe1 Nd7 18. Rac1 g5 19. Qc3 Qxc3 20. Rxc3 Rfe8 21.
f3 g4 22. Kf2 Kg7 23. Nd4 0-1

[Event "Dundee & Angus Open"]
[Site "?"]
[Date "2013.10.12"]
[Round "3"]
[White "Bremner, Adam"]
[Black "Livingstoen, Jonathan"]
[Result "1-0"]
[WhiteElo "2163"]
[BlackElo "1656"]
[PlyCount "87"]
[EventDate "2013.??.??"]

1. d4 d5 2. c4 e6 3. Nc3 c5 4. cxd5 exd5 5. Nf3 cxd4 6. Nxd4 Nf6 7. g3 Bc5 8.
Bg2 Be6 9. O-O Bxd4 10. Qxd4 Nc6 11. Qh4 Qd7 12. Bg5 O-O-O 13. Rfd1 Ne7 14. Bf4
Ng6 15. Rac1 Qc6 16. Nxd5 Rxd5 17. Bxd5 Nxh4 18. Bxc6 bxc6 19. Rxc6+ Kb7 20.
Rc7+ Ka8 21. gxh4 Nd5 22. Rxd5 Bxd5 23. Be3 Kb8 24. Bf4 Ka8 25. b3 Re8 26. Be3
Kb8 27. Rd7 Be6 28. Rxa7 Bh3 29. Rxf7 Rd8 30. f3 Rd1+ 31. Kf2 Rh1 32. Bf4+ Ka8
33. Rxg7 Rf1+ 34. Ke3 Ra1 35. a4 Ra3 36. Kf2 Rxb3 37. Rxh7 Rb4 38. Rh8+ Ka7 39.
Be3+ Kb7 40. a5 Bd7 41. Rh6 Bc6 42. a6+ Ka8 43. Rxc6 Rxh4 44. Rc8# 1-0

[Event "Dundee & Angus Open"]
[Site "Microsoft"]
[Date "2013.10.12"]
[Round "3"]
[White "Burns-Mannion, Stephen"]
[Black "Tate, Alan"]
[Result "1/2-1/2"]
[WhiteElo "2370"]
[BlackElo "2276"]
[PlyCount "49"]
[EventDate "2013.10.26"]

{1MB. Pentium
} 1. e4 c5 2. Nf3 g6 3. d4 cxd4 4. Nxd4 Bg7 5. c4 Nc6 6. Be3 Nf6
7. Nc3 O-O 8. Be2 d6 9. O-O Nxd4 10. Bxd4 Bd7 11. Qd2 Bc6 12. f3 Nd7 13. Be3 a5
14. b3 Nc5 15. Rab1 e6 16. Rfd1 Be5 17. Bd4 Qe7 18. Bf1 Rfd8 19. Qe3 Bxd4 20.
Rxd4 e5 21. Rd2 Ne6 22. Rbd1 Qc7 23. g3 Qe7 24. Bg2 Rab8 25. Bh3 1/2-1/2

[Event "Dundee & Angus Open"]
[Site "Microsoft"]
[Date "2013.10.12"]
[Round "3"]
[White "Abdulla, Murad"]
[Black "Grant, Alan"]
[Result "1-0"]
[WhiteElo "1834"]
[BlackElo "2122"]
[PlyCount "61"]
[EventDate "2013.10.26"]

{1MB. Pentium
} 1. e4 d6 2. d4 Nf6 3. Nc3 g6 4. Nf3 Bg7 5. h3 O-O 6. Be3 Nc6
7. Qd2 e5 8. O-O-O exd4 9. Nxd4 Nxd4 10. Bxd4 Be6 11. f4 a6 12. g4 b5 13. f5
Bd7 14. g5 b4 15. gxf6 bxc3 16. Qxc3 Bh6+ 17. Kb1 c5 18. Bf2 Bf4 19. Bg3 Bxg3
20. Qxg3 Bc6 21. Bg2 Re8 22. Rxd6 Qc7 23. e5 Bxg2 24. Qxg2 Rab8 25. Qd5 Red8
26. fxg6 hxg6 27. Rg1 Kh7 28. Qc4 Kh8 29. Qh4+ Kg8 30. Rxg6+ fxg6 31. f7+ 1-0

[Event "Dundee & Angus Open"]
[Site "?"]
[Date "2013.10.12"]
[Round "3"]
[White "Newton, Andrew"]
[Black "Ridge, Mike"]
[Result "0-1"]
[WhiteElo "1861"]
[BlackElo "1900"]
[PlyCount "78"]

1. e4 c5 2. Nf3 g6 3. d4 cxd4 4. Nxd4 Nc6 5. c4 Nf6 6. Nc3 d6 7. Be2 Nxd4 8.
Qxd4 Bg7 9. Bg5 O-O 10. Qd2 Qa5 11. f3 Be6 12. O-O Rfc8 13. Nd5 Qxd2 14. Bxd2
Nxd5 15. exd5 Bd7 16. Be3 b5 17. cxb5 Rc2 18. Bd3 Rxb2 19. a4 Rb3 20. Rad1 Ra3
21. Rfe1 Rxa4 22. Bg5 e5 23. dxe6 Bxe6 24. Be4 d5 25. Bxd5 Bxd5 26. Rxd5 Rd4
27. Rc5 Rb4 28. Kf1 Bd4 29. Rd5 Bb6 30. Bf6 h6 31. Rde5 g5 32. Re8+ Rxe8 33.
Rxe8+ Kh7 34. Re7 Kg6 35. Bc3 Rxb5 36. g4 Rb3 37. Be5 Rxf3+ 38. Kg2 Re3 39. Re8
f6 0-1

[Event "Dundee & Angus Open"]
[Site "Microsoft"]
[Date "2013.10.12"]
[Round "3"]
[White "Donohue, Tom"]
[Black "Tsang, Sai Kong"]
[Result "1-0"]
[WhiteElo "1976"]
[BlackElo "1856"]
[PlyCount "47"]
[EventDate "2013.10.26"]

{1MB. Pentium
} 1. e4 c5 2. Nf3 d6 3. d4 cxd4 4. Nxd4 Nf6 5. Nc3 a6 6. Be2 e6
7. O-O Be7 8. a4 Nc6 9. f4 O-O 10. Be3 Qc7 11. Kh1 Bd7 12. Nb3 Nb4 13. Bd3 Rac8
14. Rf3 e5 15. Rg3 Rfe8 16. f5 Bc6 17. Bh6 Bf8 18. Bg5 Be7 19. Qd2 d5 20. Bh6
Nh5 21. Rh3 Nf4 22. Bxf4 exf4 23. exd5 Nxd3 24. Rxd3 1-0

[Event "Dundee & Angus Open"]
[Site "?"]
[Date "2013.10.12"]
[Round "3"]
[White "Edwards, Jonathan"]
[Black "MacQueen, Calum"]
[Result "1-0"]
[WhiteElo "1994"]
[BlackElo "2242"]
[PlyCount "81"]

1. b3 e5 2. Bb2 Nc6 3. e3 Nf6 4. Bb5 Bd6 5. Nf3 e4 6. Nd4 O-O 7. Nxc6 dxc6 8.
Be2 Re8 9. c4 Bf5 10. g4 Bg6 11. h4 h6 12. Nc3 Nd7 13. Qc2 a5 14. O-O-O Nc5 15.
Rdg1 a4 16. h5 Bh7 17. Nxa4 Nxa4 18. bxa4 Qg5 19. Bd4 Ra5 20. Bd1 Rea8 21. Bc3
R5a6 22. Qb2 Qe7 23. Kb1 Ba3 24. Qa1 f6 25. Bb3 Kh8 26. Kc2 Bg8 27. g5 fxg5 28.
Rxg5 Qxg5 29. Rg1 Qxg1 30. Qxg1 Bf8 31. c5 Bd5 32. Qg6 Kg8 33. Qxe4 Rd8 34. Qg4
Raa8 35. Be5 Re8 36. d4 Re7 37. e4 Bxb3+ 38. axb3 Rae8 39. f4 Rf7 40. Qg6 Be7
41. Bxg7 1-0

[Event "Dundee & Angus Open"]
[Site "?"]
[Date "2013.10.12"]
[Round "3"]
[White "Campbell, Duncan"]
[Black "Neave, George"]
[Result "0-1"]
[WhiteElo "1992"]
[BlackElo "2024"]
[PlyCount "54"]

1. e4 e5 2. f4 exf4 3. Nf3 g5 4. h4 g4 5. Ne5 Nf6 6. d4 d6 7. Nd3 Nxe4 8. Bxf4
Bg7 9. c3 O-O 10. Be2 Re8 11. g3 c5 12. dxc5 dxc5 13. O-O Nc6 14. Nd2 Nxd2 15.
Bxd2 c4 16. Nf2 Ne5 17. Bf4 Qb6 18. b3 h5 19. Kh2 Bf5 20. Bxe5 Bxe5 21. Bxc4
Qe3 22. Nh1 Rad8 23. Rxf5 Rxd1 24. Rxd1 Re7 25. Rxh5 Bxg3+ 26. Nxg3 Qf2+ 27.
Kh1 Qf3+ 0-1

[Event "Dundee & Angus Open"]
[Site "Microsoft"]
[Date "2013.10.12"]
[Round "3"]
[White "James, Chris"]
[Black "Hogg, Stephen"]
[Result "1-0"]
[WhiteElo "1811"]
[BlackElo "1939"]
[PlyCount "77"]
[EventDate "2013.10.26"]

{1MB. Pentium
} 1. e4 d5 2. exd5 Qxd5 3. Nc3 Qa5 4. d4 Nf6 5. Nf3 Bg4 6. h3
Qh5 7. Be2 e6 8. Bf4 Nc6 9. O-O Bxh3 10. Ne5 Qf5 11. Bg3 O-O-O 12. Nxc6 bxc6
13. gxh3 Bc5 14. Bg4 Qg6 15. Qf3 h5 16. Qxc6 Bd6 17. Bxd6 Rxd6 18. Qa8+ Kd7 19.
Qxh8 Nxg4 20. Kh1 Qf5 21. f3 Ne3 22. Qxg7 Qxh3+ 23. Kg1 Ng4 24. Qxf7+ Kc8 25.
Qe8+ Kb7 26. Qb5+ Kc8 27. Qe2 e5 28. fxg4 Rg6 29. Kf2 Qh4+ 30. Ke3 exd4+ 31.
Kxd4 Qd8+ 32. Kc4 Rc6+ 33. Kb3 Rb6+ 34. Nb5 Qd5+ 35. c4 Rxb5+ 36. Kc3 Rc5 37.
Rad1 Qg8 38. b4 Rg5 39. Qf3 1-0

[Event "Dundee & Angus Open"]
[Site "Microsoft"]
[Date "2013.10.12"]
[Round "3"]
[White "Swan, Iain"]
[Black "Robinson, Stephen"]
[Result "1-0"]
[WhiteElo "2145"]
[BlackElo "1802"]
[PlyCount "67"]
[EventDate "2013.10.26"]

{1MB. Pentium
} 1. e4 e6 2. d4 d5 3. Nc3 Bb4 4. e5 Ne7 5. Qg4 c5 6. dxc5 Nbc6
7. Bd2 Bxc5 8. Na4 Bd4 9. Nf3 Nf5 10. Bb5 Bb6 11. O-O Bd7 12. Nxb6 Qxb6 13. Bd3
h5 14. Qf4 Nce7 15. Qb4 Qc7 16. a4 Nc6 17. Qf4 O-O-O 18. Rfe1 Nce7 19. h4 f6
20. Qb4 Nc6 21. Qc5 b6 22. Qc3 d4 23. Qc4 fxe5 24. Nxe5 Nd6 25. Qa6+ Kb8 26.
Nxd7+ Qxd7 27. a5 Nc8 28. Bf4+ e5 29. Rxe5 Nxe5 30. Bxe5+ Nd6 31. axb6 Rhe8 32.
Bxd6+ Qxd6 33. Qxa7+ Kc8 34. Ba6# 1-0

[Event "Dundee & Angus Open"]
[Site "Microsoft"]
[Date "2013.10.12"]
[Round "3"]
[White "Findlay, David"]
[Black "Smith, John SR"]
[Result "1-0"]
[WhiteElo "2181"]
[BlackElo "1869"]
[PlyCount "87"]
[EventDate "2013.10.30"]

{1MB. Pentium
} 1. e4 c5 2. Nf3 d6 3. d4 cxd4 4. Nxd4 Nf6 5. Nc3 a6 6. f4 Nc6
7. Nf3 e6 8. Bd3 Be7 9. O-O b5 10. Qe1 Bb7 11. Qg3 Qb6+ 12. Kh1 g6 13. Bd2 Nb4
14. e5 Nh5 15. Qh3 Nxd3 16. cxd3 b4 17. Ne4 d5 18. Nf2 a5 19. d4 Ba6 20. Rfe1
Rc8 21. g4 Ng7 22. f5 gxf5 23. Bh6 fxg4 24. Nxg4 Nf5 25. Nf6+ Bxf6 26. exf6 Bd3
27. Bg7 Nxg7 28. fxg7 Rg8 29. Ng5 Be4+ 30. Rxe4 dxe4 31. Qxh7 Ke7 32. Rf1 Qxd4
33. Rxf7+ Kd6 34. Nxe4+ Ke5 35. Ng3 Qd5+ 36. Kg1 Rc1+ 37. Rf1 Rxf1+ 38. Kxf1
Qb5+ 39. Ke1 Qe8 40. Nh5 Qf7 41. Qh6 Kd6 42. Nf6 Ke7 43. Nxg8+ Qxg8 44. Qg6 1-0

[Event "Dundee & Angus Open"]
[Site "Microsoft"]
[Date "2013.10.12"]
[Round "3"]
[White "Sreeves, Clement"]
[Black "Doyle, Jim"]
[Result "1-0"]
[WhiteElo "2248"]
[BlackElo "1906"]
[PlyCount "107"]
[EventDate "2013.10.30"]

{1MB. Pentium
} 1. c4 e5 2. g3 f5 3. d4 exd4 4. Nf3 Nc6 5. Nxd4 d6 6. Bg2 Nxd4
7. Qxd4 Nf6 8. Nc3 Be7 9. O-O O-O 10. b3 Nd7 11. Nd5 Bf6 12. Nxf6+ Qxf6 13.
Qxf6 Nxf6 14. Rd1 Re8 15. Kf1 Rb8 16. Bb2 Ne4 17. Rd4 b6 18. h4 Bb7 19. Bh3 Rf8
20. e3 Rbe8 21. Ke2 Ba8 22. Rg1 Re7 23. f3 Nc5 24. Kf2 Ne6 25. Rdd1 Bb7 26. g4
f4 27. e4 Nc5 28. g5 a5 29. h5 Ree8 30. Bc1 Ne6 31. Bf5 Bc8 32. Rg4 Nc5 33.
Bxc8 Rxc8 34. Rxf4 Rxf4 35. Bxf4 Rf8 36. Kg3 Ne6 37. Be3 a4 38. b4 Rb8 39. Rd5
Kf7 40. f4 Ke7 41. f5 Nf8 42. g6 hxg6 43. hxg6 Nd7 44. Bg5+ Kf8 45. Rd1 Nf6 46.
Bxf6 gxf6 47. Rh1 Kg8 48. Rh7 Rc8 49. Kf4 c5 50. b5 Ra8 51. Rf7 a3 52. Rxf6 Ra4
53. Rxd6 Rxc4 54. f6 1-0

[Event "Dundee & Angus Open"]
[Site "?"]
[Date "2013.10.12"]
[Round "3"]
[White "Kelly, John S"]
[Black "Marks, Ian"]
[Result "1/2-1/2"]
[WhiteElo "1830"]
[BlackElo "2040"]
[PlyCount "108"]

1. e4 c5 2. Nc3 Nc6 3. f4 g6 4. Nf3 Bg7 5. Bb5 Nd4 6. O-O a6 7. Be2 d6 8. Kh1
Nf6 9. d3 O-O 10. Be3 Nd7 11. Qd2 b5 12. Rae1 b4 13. Nd1 a5 14. f5 Nxf3 15.
Rxf3 Nf6 16. Bh6 e6 17. fxg6 fxg6 18. Bxg7 Kxg7 19. Ref1 Ra7 20. R3f2 Raf7 21.
Qg5 Qd7 22. e5 dxe5 23. Qxe5 Qd5 24. Qxd5 $11 Nxd5 25. Rxf7+ Rxf7 26. Rxf7+
Kxf7 27. g3 a4 28. b3 a3 29. Bf3 Bb7 30. Kg2 Nc3 31. Nxc3 Bxf3+ 32. Kxf3 bxc3
33. Ke4 Kf6 34. d4 cxd4 35. Kxd4 Kf5 36. b4 e5+ 37. Kxc3 Ke4 38. Kc4 Kf3 39. b5
e4 40. b6 e3 41. b7 e2 42. b8=Q e1=Q 43. Qb7+ Kf2 44. Qf7+ Kg2 45. Kb3 Qc1 46.
Qb7+ Kxh2 47. Qxh7+ Kxg3 48. Qxg6+ Kh3 49. Qh7+ Kg2 50. Qg7+ Kh3 $11 51. Qc3+
Kg2 52. Ka4 Qb2 53. Qb3 Kf2 54. c4 Qc1 1/2-1/2

[Event "Dundee & Angus Open"]
[Site "?"]
[Date "2013.10.12"]
[Round "3"]
[White "Dawson, Alastair"]
[Black "Oswald, David"]
[Result "0-1"]
[WhiteElo "1784"]
[BlackElo "2148"]
[PlyCount "112"]

1. e4 c5 2. Nf3 d6 3. d4 cxd4 4. Nxd4 Nf6 5. Nc3 g6 6. Be2 Bg7 7. Be3 O-O 8.
O-O Nc6 9. h3 Bd7 10. f4 a6 11. Qd2 Rc8 12. Nxc6 Bxc6 13. Bf3 Qc7 14. Qf2 b5
15. Bb6 Qb7 16. Bd4 b4 17. Nd5 Bxd5 18. exd5 Rc4 19. c3 Nd7 20. Bxg7 Kxg7 21.
Qe2 Nb6 22. cxb4 Rxb4 23. Be4 Na4 24. b3 Nc5 25. Bd3 Nxd3 26. Qxd3 Qa7+ 27. Kh2
Rd4 28. Qc2 Qc5 29. Qxc5 dxc5 30. Rad1 Rd8 31. Rxd4 cxd4 32. Kg3 Rxd5 33. Kf3
f5 34. Ke2 Kf6 35. Kd3 e5 36. Kc4 Rd7 37. fxe5+ Kxe5 38. Kd3 Rc7 39. Re1+ Kd5
40. Re8 Rc3+ 41. Kd2 Rg3 42. Re2 g5 43. Rf2 f4 44. Kc2 Ke4 45. Re2+ Re3 46. Rd2
h5 47. b4 g4 48. h4 f3 49. gxf3+ gxf3 50. a4 Rc3+ 51. Kb2 Ke3 52. Rd1 Rc8 53.
Kb3 d3 54. b5 axb5 55. axb5 Ke2 56. Rb1 d2 0-1

[Event "Dundee & Angus Open"]
[Site "?"]
[Date "2013.10.13"]
[Round "4"]
[White "Grant, Alan"]
[Black "Livingstone, Jonathan"]
[Result "1-0"]
[WhiteElo "2122"]
[BlackElo "1656"]
[PlyCount "77"]

1. Nf3 Nc6 2. d4 d5 3. e3 Nf6 4. Nbd2 e6 5. b3 Bb4 6. Bb2 Ne4 7. a3 Bxd2+ 8.
Nxd2 Nxd2 9. Qxd2 Bd7 10. g3 Ne7 11. Bg2 Ng6 12. c4 c6 13. O-O f5 14. a4 h5 15.
Ba3 h4 16. Bd6 Qg5 17. f4 Qh6 18. Kf2 Ne7 19. Bxe7 Kxe7 20. Qb4+ Kf6 21. Qxb7
Rad8 22. Qxa7 g5 23. Qc7 g4 24. Rfb1 dxc4 25. bxc4 Qf8 26. c5 Qe8 27. a5 Rb8
28. a6 Rxb1 29. Rxb1 hxg3+ 30. hxg3 Qc8 31. Rb7 Qxc7 32. Rxc7 Rd8 33. a7 Be8
34. Rxc6 Bxc6 35. Bxc6 Rh8 36. a8=Q Rh3 37. Qf8+ Kg6 38. Qg8+ Kf6 39. Be8 1-0

[Event "Dundee & Angus Open"]
[Site "?"]
[Date "2013.10.13"]
[Round "4"]
[White "Ridge, Mike"]
[Black "Abdulla, Murad"]
[Result "1-0"]
[WhiteElo "1900"]
[BlackElo "1834"]
[PlyCount "55"]
[EventDate "2013.??.??"]

1. e4 c5 2. Nf3 d6 3. Bb5+ Bd7 4. Bxd7+ Qxd7 5. O-O Nc6 6. Qe2 Nf6 7. Rd1 e6 8.
b3 Be7 9. Bb2 O-O 10. c4 a6 11. d4 cxd4 12. Nxd4 Rab8 13. Nc3 Rfd8 14. Nc2 Qc7
15. Ne3 Qa5 16. Rac1 Rdc8 17. a3 Qg5 18. a4 Ne5 19. Rf1 Nh5 20. Kh1 Nf4 21. Qd1
Nfd3 22. Qc2 Qf4 23. Ncd5 Qh4 24. g3 Qxe4+ 25. f3 Nxf3 26. Nxe7+ Kh8 27. Ng2
Rd8 28. Rcd1 1-0

[Event "Dundee & Angus Open"]
[Site "?"]
[Date "2013.10.13"]
[Round "4"]
[White "MacQueen, Calum"]
[Black "Kelly, John S"]
[Result "1-0"]
[WhiteElo "2242"]
[BlackElo "1830"]
[PlyCount "99"]

1. d4 Nf6 2. c4 e6 3. Nf3 b6 4. g3 Bb7 5. Bg2 Bb4+ 6. Bd2 Bxd2+ 7. Qxd2 O-O 8.
O-O d6 9. Nc3 Ne4 10. Qc2 Nxc3 11. Qxc3 Nd7 12. Rfd1 f5 13. Ng5 Qxg5 14. Bxb7
Rab8 15. f4 Qe7 16. Bf3 g5 17. e3 Rf7 18. b4 g4 19. Bg2 Nf6 20. Qc2 d5 21. b5
Ne4 22. Rdc1 Qa3 23. Qb3 Qd6 24. cxd5 Qxd5 25. Qxd5 exd5 26. Bxe4 fxe4 27. Rc6
a6 28. a4 Kg7 29. Rb1 Ra8 30. a5 axb5 31. axb6 cxb6 32. Rxb6 Ra3 33. R1xb5 Rxe3
34. Rxd5 Ra7 35. Rdb5 Ra1+ 36. Rb1 Rxb1+ 37. Rxb1 Rd3 38. Kf2 Rxd4 39. Ke3 Ra4
40. Rb5 h6 41. Re5 Ra2 42. Kxe4 Rxh2 43. Kf5 h5 44. Kg5 Rh3 45. f5 Rxg3 46. f6+
Kf7 47. Re7+ Kf8 48. Kg6 Rf3 49. Ra7 Re3 50. Ra8+ 1-0

[Event "Dundee & Angus Open"]
[Site "Microsoft"]
[Date "2013.10.13"]
[Round "4"]
[White "McPheator, Gary"]
[Black "Campbell, Duncan"]
[Result "1-0"]
[WhiteElo "1690"]
[BlackElo "1992"]
[PlyCount "99"]
[EventDate "2013.11.01"]

{1MB. Pentium
} 1. e4 e6 2. d4 d5 3. Nc3 Bb4 4. exd5 exd5 5. a3 Be7 6. Nf3 Nf6
7. Be2 Bg4 8. Ne5 Bxe2 9. Qxe2 O-O 10. O-O c6 11. Re1 Bd6 12. Bg5 Nbd7 13. Qf3
Qb6 14. Nxd7 Nxd7 15. Be7 Bxe7 16. Rxe7 Nf6 17. Qd3 Rae8 18. Na4 Qa5 19. Rxe8
Rxe8 20. Nc3 Qb6 21. b4 a6 22. Kf1 Qc7 23. Re1 Qxh2 24. Rxe8+ Nxe8 25. Qf5 Qc7
26. Ne2 Nf6 27. Nc1 h6 28. Nd3 Qd7 29. Qf4 Qe7 30. Qb8+ Kh7 31. Ne5 Ne4 32. Qc8
Nd2+ 33. Ke2 Nc4 34. Qf5+ Kg8 35. Qc8+ Qf8 36. Qxb7 Nxa3 37. Kd3 Nc4 38. Nxc6
Kh7 39. Qb8 Qd6 40. Qxd6 Nxd6 41. Nb8 h5 42. Nxa6 g5 43. Nc7 h4 44. Nxd5 Kg6
45. c4 g4 46. c5 Nc8 47. Ke4 Kg5 48. f4+ Kg6 49. Ne3 Kh5 50. g3 1-0

[Event "Dundee & Angus Open"]
[Site "Microsoft"]
[Date "2013.10.13"]
[Round "4"]
[White "Mooney, Graham"]
[Black "Pyrich, George"]
[Result "1/2-1/2"]
[WhiteElo "1816"]
[BlackElo "1878"]
[PlyCount "49"]
[EventDate "2013.11.01"]

{1MB. Pentium
} 1. e4 d6 2. d4 Nf6 3. Nc3 g6 4. Be3 a6 5. f3 Nbd7 6. Qd2 Bg7
7. O-O-O b5 8. g4 Bb7 9. h4 h5 10. g5 Nh7 11. Bg2 O-O 12. f4 c5 13. dxc5 Nxc5
14. e5 b4 15. Nb1 Bxg2 16. Qxg2 Qa5 17. Qd5 Rac8 18. exd6 exd6 19. Rh2 Rfe8 20.
Re2 Nf8 21. Bxc5 Rxc5 22. Qb3 Rec8 23. Rxd6 Rc4 24. Nh3 Qc5 25. Qd3 1/2-1/2

[Event "Dundee & Angus Open"]
[Site "Microsoft"]
[Date "2013.10.13"]
[Round "4"]
[White "Hogg, Stephen"]
[Black "Newton, Andrew"]
[Result "1-0"]
[WhiteElo "1939"]
[BlackElo "1861"]
[PlyCount "73"]
[EventDate "2013.11.01"]

{1MB. Pentium
} 1. Nf3 c5 2. b3 d6 3. Bb2 e5 4. d3 Nf6 5. g3 Be7 6. Bg2 O-O 7.
c4 Nc6 8. e3 Be6 9. O-O e4 10. Ng5 exd3 11. Qxd3 h6 12. Bxf6 hxg5 13. Bxe7 Qxe7
14. Nc3 Rad8 15. Rad1 Rd7 16. Rd2 Ne5 17. Qe2 g4 18. Nd5 Qg5 19. Nf4 Qh6 20.
Rfd1 Rfd8 21. a3 Qf6 22. Nd5 Qh6 23. Rc1 Qh5 24. Nf4 Qh6 25. Qd1 Qf6 26. Nd5
Qh6 27. Rc3 Qh5 28. h4 Nf3+ 29. Bxf3 gxf3 30. e4 Bg4 31. Re3 Re8 32. Nf4 Qh6
33. Rd5 f5 34. e5 Rde7 35. Rxd6 Qh7 36. Qd5+ Kh8 37. Ng6+ 1-0

[Event "Dundee & Angus Open"]
[Site "Microsoft"]
[Date "2013.10.13"]
[Round "4"]
[White "Marks, Ian"]
[Black "James , Chris"]
[Result "1-0"]
[WhiteElo "2040"]
[BlackElo "1811"]
[PlyCount "97"]
[EventDate "2013.11.01"]

{1MB. Pentium
} 1. e4 c5 2. c3 g6 3. d4 cxd4 4. cxd4 d5 5. e5 Nc6 6. Nc3 Nh6
7. Nf3 Nf5 8. g4 Ng7 9. h3 h5 10. Rg1 hxg4 11. hxg4 Be6 12. Ng5 Qd7 13. Be3
O-O-O 14. Na4 Kb8 15. Nc5 Qe8 16. Qb3 b6 17. Bb5 Bc8 18. Bxc6 Qxc6 19. Nxf7 Rh3
20. Nxd8 Qe8 21. e6 Rxe3+ 22. fxe3 Qxd8 23. Nd7+ Bxd7 24. exd7 Qxd7 25. O-O-O
Ne8 26. Rgf1 Bg7 27. g5 e6 28. Qc2 Nd6 29. Qxg6 Nf5 30. Kb1 Bf8 31. Rh1 Be7 32.
Rh7 Qb5 33. Rc1 Qd7 34. Rh8+ Kb7 35. Rhc8 Ka6 36. Qe8 Qxe8 37. Rxe8 Bxg5 38.
Rxe6 Nxe3 39. Rg1 Bf4 40. Rf6 Bb8 41. Rg8 Bh2 42. Rf2 Bd6 43. Rf3 Nc4 44. Kc2
Kb5 45. Rg6 Bh2 46. Rh3 Bf4 47. b3 Ne3+ 48. Kd3 Nf5 49. Rf6 1-0

[Event "Dundee & Angus Open"]
[Site "?"]
[Date "2013.10.13"]
[Round "4"]
[White "Neave, George"]
[Black "Sreeves, Clement"]
[Result "1-0"]
[WhiteElo "2024"]
[BlackElo "2248"]
[PlyCount "69"]

1. e4 e5 2. Nf3 Nc6 3. Bb5 a6 4. Ba4 Nf6 5. d4 exd4 6. O-O Be7 7. Re1 b5 8. Bb3
d6 9. Bd5 Nxd5 10. exd5 Ne5 11. Nxd4 O-O 12. Nc3 Bg4 13. f3 Bd7 14. f4 Nc4 15.
Nc6 Bxc6 16. dxc6 Bf6 17. Nd5 Nxb2 18. Bxb2 Bxb2 19. Rb1 Bf6 20. Rb3 a5 21.
Rxb5 Ra6 22. Qf3 Bd4+ 23. Kh1 Kh8 24. c3 Bc5 25. Ne7 Rb6 26. Rxb6 Bxb6 27. f5
h6 28. f6 g6 29. Re4 Kh7 30. Rh4 Rh8 31. Qf4 Qf8 32. g4 Bc5 33. g5 h5 34. Rxh5+
gxh5 35. Qf5# 1-0

[Event "Dundee & Angus Open"]
[Site "?"]
[Date "2013.10.13"]
[Round "4"]
[White "Tate, Alan"]
[Black "Edwards, Jonathan"]
[Result "*"]
[WhiteElo "2276"]
[BlackElo "1994"]
[PlyCount "72"]

1. Nf3 c5 2. c4 Nf6 3. Nc3 g6 4. e4 Nc6 5. d4 cxd4 6. Nxd4 Qa5 7. Nb3 Qc7 8. f4
d6 9. Nd5 Nxd5 10. exd5 Na5 11. Nxa5 Qxa5+ 12. Bd2 Qb6 13. Bc3 f6 14. Qd4 Qxd4
15. Bxd4 Kf7 16. Bd3 e5 17. dxe6+ Bxe6 18. Kd2 Bg7 19. b3 b6 20. Rac1 Rac8 21.
Be4 Rhe8 22. Kd3 Bf8 23. h3 Bh6 24. Rhf1 Bf5 25. Bxf5 gxf5 26. g3 Re4 27. Rfe1
Rce8 28. Bf2 Bf8 29. Re3 d5 30. cxd5 Bc5 31. Rxe4 fxe4+ 32. Ke2 e3 33. Be1 Re4
34. Rc4 f5 35. Rxe4 fxe4 36. Bc3 Ke7 *

[Event "Dundee & Angus Open"]
[Site "?"]
[Date "2013.10.13"]
[Round "4"]
[White "Donohue, Tom"]
[Black "Findlay, David"]
[Result "0-1"]
[WhiteElo "1976"]
[BlackElo "2181"]
[PlyCount "60"]

1. e4 e5 2. Nf3 d6 3. d4 exd4 4. Nxd4 g6 5. Nc3 Bg7 6. Be3 Nf6 7. Qd2 O-O 8.
O-O-O Re8 9. f3 Nc6 10. g4 a6 11. Bh6 Bh8 12. Nxc6 bxc6 13. h4 Be6 14. h5 Qb8
15. hxg6 fxg6 16. Be3 Qb5 17. a3 Qb7 18. Na4 Rab8 19. Qa5 Nd7 20. Bd4 Bxd4 21.
Rxd4 Ne5 22. Qc3 c5 23. Rd2 Qc6 24. b3 c4 25. f4 cxb3 26. Qxc6 Nxc6 27. f5 Bf7
28. Rdh2 Rxe4 29. cxb3 Rxb3 30. Nb2 Re1+ 0-1

[Event "Dundee & Angus Open"]
[Site "?"]
[Date "2013.10.13"]
[Round "4"]
[White "Durno, Joy"]
[Black "Bremner, Adam"]
[Result "0-1"]
[WhiteElo "1734"]
[BlackElo "2163"]
[PlyCount "115"]

1. d4 g6 2. c4 Bg7 3. Nf3 d6 4. g3 Nc6 5. Bg2 f5 6. b3 e5 7. e3 Qe7 8. Bb2 e4
9. Nfd2 Nf6 10. Nc3 a6 11. a3 Bd7 12. b4 O-O 13. O-O h5 14. h4 Bh6 15. Rc1 Rac8
16. Re1 Ng4 17. Nd5 Qf7 18. f4 Be6 19. Nc3 Bxc4 20. Nxc4 Qxc4 21. d5 Nce5 22.
Nxe4 Qa2 23. Bxe5 dxe5 24. Rc3 fxe4 25. Re2 Nxe3 26. Rcxe3 Qc4 27. Rxe4 Qc3 28.
R2e3 Qb2 29. Rb3 Qa2 30. Re2 Qxe2 31. Qxe2 exf4 32. Qe6+ Kh7 33. Qe7+ Bg7 34.
gxf4 Rce8 35. Qxc7 Rc8 36. Qxb7 Rc1+ 37. Kh2 Rxf4 38. Kh3 Rcc4 39. Qe7 Kh6 40.
Rf3 Rfe4 41. Qg5+ Kh7 42. Rg3 Rg4 43. Rxg4 Rxg4 44. Qe7 Kh6 45. Bf3 Rd4 46. d6
Rd3 47. Kg3 Bd4 48. Qg5+ Kg7 49. d7 Bf6 50. Qa5 Rd4 51. Qxa6 Be5+ 52. Kg2 Rd2+
53. Kf1 Bf6 54. Qc8 Rd3 55. Be4 Rd1+ 56. Ke2 Rd6 57. Qe8 Bxh4 58. d8=Q 0-1